Saberes y sabores de Boruca /
Сохранить в:
| Главный автор: | |
|---|---|
| Формат: | Неизвестно |
| Язык: | Spanish |
| Опубликовано: |
San José, Costa Rica :
L. Garro V.,
2010.
|
| Предметы: | |
| Метки: |
Добавить метку
Нет меток, Требуется 1-ая метка записи!
|
MARC
| LEADER | 000000000a22000000004500 | ||
|---|---|---|---|
| 001 | 003786 | ||
| 020 | |a 9789968472951 | ||
| 041 | 0 | |a spa | |
| 082 | 0 | 4 | |a 641.592.972.86 |b G243s |
| 100 | 1 | |a Garro Valverde, Leila, |d 1943- | |
| 245 | 1 | 0 | |a Saberes y sabores de Boruca / |c Leila Garro Valverde. |
| 260 | 1 | |a San José, Costa Rica : |b L. Garro V., |c 2010. | |
| 300 | |a 188 páginas : |b ilustraciones a color, retratos | ||
| 650 | 4 | |a INDIOS BORUCAS | |
| 650 | 4 | |a VIDA SOCIAL Y COSTUMBRES | |
| 650 | 4 | |a INDIOS COSTARRICENSES | |
| 999 | |c 10193 |d 10193 | ||
| 942 | |c BK |h 641.592.972.86 G243s |2 z | ||



